Loading...
| Beliefs | 1 | 5 | 3 | 1 | 50 | 81 | 110.17 | 2 | 3 | 5.99 | 17.81 |
| Literature - World | 2 | 0 | 0 | 0 | 30 | 69 | 74.00 | 0 | 1 | 6.94 | 9.29 |
| Fine Arts - Other Arts | 2 | 0 | 0 | 0 | 30 | 48 | 56.50 | 0 | 2 | 8.47 | 9.29 |
| Visual Arts | 0 | 2 | 0 | 0 | 20 | 120 | 124.50 | 0 | 0 | 2.09 | 5.36 |
| Fine Arts - Classical Music and Opera | 0 | 2 | 0 | 0 | 20 | 106 | 121.50 | 0 | 0 | 1.23 | 4.17 |
| Literature - British | 0 | 1 | 0 | 1 | 10 | 136 | 136.00 | 0 | 0 | 0.05 | 0.65 |
| Literature - American | 0 | 1 | 0 | 1 | 10 | 143 | 143.00 | 0 | 0 | 0.05 | 4.76 |
| Science - Physics | 0 | 1 | 0 | 1 | 10 | 138 | 138.00 | 0 | 0 | 0.07 | 1.67 |
| History - American | 0 | 1 | 0 | 0 | 10 | 74 | 74.00 | 0 | 1 | 3.23 | 4.29 |
| Science - Biology | 0 | 0 | 1 | 0 | -5 | 0.00 | 0 | 0 | 0.00 | 0.00 |